000 00710nam a2200193 a 4500
001 000034802
005 20200930073919.0
008 111020s1990 pr 000 0 spa d
040 _aDO-SdBNP
_bspa
_cBNPHU
082 _axxxx
_bM433d
100 1 _aMatos Paoli, Francisco
_99210
245 1 0 _aDecimario de la virgen /
_cFrancisco Matos Paoli ; prólogo Amalia Lluch Vélez.
260 _aSan Juan, Puerto Rico :
_bIberoamericana de Ediciones,
_c1990.
300 _a200 p. ;
_c21 cm.
504 _aIncluye referencias bibliográficas al pie de las páginas.
590 _aPerteneció a la biblioteca personal de Juan Isidro Jimenes Grullón
700 1 2 _aLluch Vélez, Amalia,
_epról.
_960313
049 _aBNGR
999 _c34293
_d34293